FaxCopy news CBS riešenia pre firmy, organizácie a veľkoformátová tlač
| Previous Title: | FaxCopy news |
|---|---|
| Format: | Journal |
| Language: | Slovak |
| PhysicalDescription: | zv. 30 cm |
| Published: |
Bratislava
FaxCopy
2008-2009
|
MARC
| LEADER | 00000cas a22000005a 4500 | ||
|---|---|---|---|
| 001 | vtls009281166 | ||
| 003 | SK-MaSNL | ||
| 005 | 20260305121102.0 | ||
| 008 | 080401d20082009xo qr p 0 b0slo | ||
| 040 | |a SNK |b slo |c SNK |d SVKBB |e AACR2 | ||
| 041 | 0 | |a slo | |
| 044 | |a xo |c SK | ||
| 080 | |a 655.2 | ||
| 080 | |a 050 | ||
| 245 | 0 | 0 | |a FaxCopy news CBS |b riešenia pre firmy, organizácie a veľkoformátová tlač |
| 260 | |a Bratislava |b FaxCopy |c 2008-2009 | ||
| 300 | |a zv. |c 30 cm | ||
| 310 | |a 4x ročne | ||
| 362 | 0 | |a Roč. 16, č. 1 (2008)- | |
| 780 | 0 | 7 | |t FaxCopy news |
| 910 | |a snk | ||
| 999 | |c 3361603 |d 3363533 | ||


